000 00658 a2200205 4500
020 _a0750309415
020 _a9780750309417
082 0 4 _a541.22
090 _c599
_d599
100 1 _aBunker, P.R.
245 1 0 _aFundamentals of molecular symmetry /
_cP.R. Bunker, P. Jensen.
250 _a1st ed.
260 _a[S.l.] :
_bTaylor & Francis,
_c2005
300 _a358 p. ;
_c24 cm.
490 1 _aSeries in chemical physics.
700 1 _aJensen, P.
830 0 _aSeries in chemical physics.
942 _aSNS
_cBK
_k541.22 BUN
999 _c29229
_d29229